[Event "Kieler Open 2014-A"]
[Site "Kiel"]
[Date "2014.08.03"]
[Round "3.7"]
[White "Bente, Björn"]
[Black "Hilbig, Dieter"]
[Result "1-0"]
[WhiteElo "2285"]
[BlackElo "2020"]
[PlyCount "24"]
[EventDate "2014.??.??"]
[WhiteTeam "Hamburg"]
[BlackTeam "Gera"]

1. d4 Nf6 2. c4 e6 3. Nc3 d5 4. cxd5 exd5 5. Bg5 Be7 6. Qc2 c6 7. e3 Ne4 8.
Bxe7 Qxe7 9. Nxd5 cxd5 10. Qxc8+ Qd8 11. Bb5+ Ke7 12. Qxb7+ Kf6 1-0

[Event "Kieler Open 2014-A"]
[Site "Kiel"]
[Date "2014.08.03"]
[Round "3.8"]
[White "Praczukowski, Stanislaw"]
[Black "Chetverik, Maxim"]
[Result "0-1"]
[WhiteElo "2018"]
[BlackElo "2254"]
[PlyCount "60"]
[EventDate "2014.??.??"]
[WhiteTeam "KS Laura Chylice"]

1. d4 f5 2. g3 Nf6 3. Bg2 e6 4. Nf3 Be7 5. O-O O-O 6. c4 Ne4 7. Nbd2 Bf6 8. b3
Nc6 9. Bb2 a5 10. e3 d5 11. Ne1 a4 12. f3 a3 13. Nxe4 axb2 14. Nxf6+ Qxf6 15.
Rb1 Rxa2 16. Rf2 dxc4 17. bxc4 e5 18. d5 Na5 19. Bf1 Qb6 20. Qd3 f4 21. gxf4
exf4 22. e4 Rf6 23. Qc2 Rg6+ 24. Kh1 Ra1 25. Rxb2 Qe3 26. Ng2 Bh3 27. Nxe3 fxe3
28. Rb1 exf2 29. Bxh3 Rg1+ 30. Rxg1 Rxg1# 0-1

[Event "Kieler Open 2014-A"]
[Site "Kiel"]
[Date "2014.08.03"]
[Round "3.9"]
[White "Schramm, Bernd"]
[Black "Van Voorthuijsen, Peewee"]
[Result "1/2-1/2"]
[WhiteElo "2024"]
[BlackElo "2206"]
[PlyCount "43"]
[EventDate "2014.??.??"]
[WhiteTeam "Kieler SG"]
[BlackTeam "Amsterdam"]

1. e4 c5 2. Nf3 d6 3. c3 Nf6 4. Bb5+ Bd7 5. Bxd7+ Qxd7 6. d3 Nc6 7. O-O e6 8.
Qe2 Be7 9. d4 cxd4 10. cxd4 d5 11. e5 Ne4 12. Be3 O-O 13. Rc1 Rac8 14. Nc3 Nxc3
15. Rxc3 Nb4 16. Rxc8 Rxc8 17. a3 Nc2 18. Rc1 Nxe3 19. Qxe3 Rc6 20. Rxc6 Qxc6
21. Ne1 h6 22. g3 1/2-1/2

[Event "Kieler Open 2014-A"]
[Site "Kiel"]
[Date "2014.08.03"]
[Round "3.10"]
[White "Hofer, Emilian"]
[Black "Meyers, Mark"]
[Result "1-0"]
[WhiteElo "2197"]
[BlackElo "2007"]
[PlyCount "57"]
[EventDate "2014.??.??"]
[WhiteTeam "Jedesheim"]
[BlackTeam "Heinsberg"]

1. e4 c5 2. Nf3 e6 3. d4 cxd4 4. Nxd4 a6 5. Bd3 Nf6 6. O-O Qc7 7. Qe2 d6 8. c4
Be7 9. Nc3 Nbd7 10. Kh1 b6 11. Bd2 Bb7 12. Rae1 Rc8 13. b3 Nc5 14. Bb1 O-O 15.
f4 Rfd8 16. Nf3 Ncd7 17. Rd1 Qb8 18. Ne1 Bc6 19. Nd3 b5 20. e5 bxc4 21. bxc4
Ne8 22. f5 exf5 23. e6 Ndf6 24. Nf4 Qb7 25. Bxf5 fxe6 26. Bxe6+ Kh8 27. Bxc8
Rxc8 28. Nfd5 Nxd5 29. cxd5 1-0

[Event "Kieler Open 2014-A"]
[Site "Kiel"]
[Date "2014.08.03"]
[Round "3.11"]
[White "Jacobsen, Mikkel Manosri"]
[Black "Koop, Thorben"]
[Result "0-1"]
[WhiteElo "2007"]
[BlackElo "2194"]
[PlyCount "76"]
[EventDate "2014.??.??"]
[BlackTeam "Lingen"]

1. d4 Nf6 2. Nc3 d6 3. Bg5 Nbd7 4. f4 c6 5. e3 Qa5 6. Nf3 e5 7. fxe5 dxe5 8.
Bxf6 Nxf6 9. Nxe5 Bb4 10. Bc4 Bxc3+ 11. bxc3 Qxc3+ 12. Kf1 Nd5 13. Qe1 Nxe3+
14. Kf2 Qxe1+ 15. Rhxe1 Nxc4 16. Nxc4+ Kd8 17. Rab1 Be6 18. Ne5 Kc7 19. Nxf7
Rhe8 20. Ne5 Bxa2 21. Rb4 Bg8 22. Reb1 b6 23. Ra4 a5 24. c4 c5 25. Nd3 Rad8 26.
dxc5 Rxd3 27. cxb6+ Kc6 28. b7 Rb8 29. Rxa5 Rxb7 30. Re1 Rb2+ 31. Kg1 Rdd2 32.
Rg5 g6 33. h4 Bxc4 34. Re7 Bd5 35. Rxh7 Rxg2+ 36. Rxg2 Rxg2+ 37. Kf1 Rh2 38.
Kg1 Rh3 0-1

[Event "Kieler Open 2014-A"]
[Site "Kiel"]
[Date "2014.08.03"]
[Round "3.12"]
[White "Franz, Karsten"]
[Black "Hauptmann, Thomas"]
[Result "1-0"]
[WhiteElo "2191"]
[BlackElo "1971"]
[PlyCount "59"]
[EventDate "2014.??.??"]
[WhiteTeam "Dresden-Leuben"]
[BlackTeam "Amsterdam"]

1. Nf3 Nf6 2. g3 b6 3. Bg2 Bb7 4. d3 e6 5. O-O Be7 6. Nbd2 O-O 7. e4 d6 8. Ne1
e5 9. Nc4 Nbd7 10. f4 Re8 11. g4 Rf8 12. g5 Ne8 13. Qg4 exf4 14. Bxf4 f6 15.
Nf3 Ne5 16. Bxe5 dxe5 17. gxf6 Rxf6 18. Nfxe5 Bc8 19. Qg3 Be6 20. c3 Bxc4 21.
Nxc4 Rg6 22. Qf3 Rf6 23. Qe3 Rc8 24. Rxf6 Nxf6 25. Bh3 Ra8 26. d4 Qe8 27. Be6+
Kh8 28. Ne5 Bd6 29. Nf7+ Kg8 30. Ng5+ 1-0

[Event "Kieler Open 2014-A"]
[Site "Kiel"]
[Date "2014.08.03"]
[Round "3.13"]
[White "Wanner, Lukas"]
[Black "Voelzke, Ferdinand"]
[Result "0-1"]
[WhiteElo "1764"]
[BlackElo "2170"]
[PlyCount "100"]
[EventDate "2014.??.??"]
[WhiteTeam "Doppelbauer Kiel"]
[BlackTeam "Turm Kiel"]

1. d4 Nf6 2. Nf3 d6 3. Nc3 Nbd7 4. e4 e5 5. Bc4 Be7 6. O-O O-O 7. Re1 c6 8. a4
b6 9. Qe2 Bb7 10. dxe5 dxe5 11. Bg5 a6 12. Bxf6 Bxf6 13. Nd1 Qe7 14. Ne3 g6 15.
c3 Bg7 16. b4 b5 17. axb5 axb5 18. Bb3 h6 19. h4 Nf6 20. Rab1 Nxe4 21. Qd3 Nd6
22. Qxg6 Kh8 23. Nf5 Nxf5 24. Qxf5 Bc8 25. Qe4 f5 26. Qxc6 Ra6 27. Qxb5 e4 28.
Rbc1 Qf6 29. Nd4 Qxh4 30. g3 Qg5 31. Ra1 Rxa1 32. Rxa1 e3 33. Nf3 exf2+ 34.
Kxf2 Qf6 35. Qd3 Bb7 36. Rf1 Be4 37. Qe3 Qxc3 38. Qxc3 Bxc3 39. Bc4 Bxb4 40.
Ke3 Bc5+ 41. Ke2 Re8 42. Kd1 Bd6 43. Nh4 Rc8 44. Bb3 Rc5 45. Rg1 Ra5 46. Ke2
Ra3 47. Be6 Bd3+ 48. Kf2 Bc5+ 49. Kg2 Be4+ 50. Kh2 Bxg1+ 0-1

[Event "Kieler Open 2014-A"]
[Site "Kiel"]
[Date "2014.08.03"]
[Round "3.14"]
[White "Christensen, Andreas"]
[Black "Uksini, Bardhyl"]
[Result "1/2-1/2"]
[WhiteElo "1733"]
[BlackElo "2063"]
[PlyCount "38"]
[EventDate "2014.??.??"]
[WhiteTeam "Hamburger SK"]
[BlackTeam "Hamburger SK"]

1. e4 c5 2. d4 cxd4 3. c3 d5 4. exd5 Qxd5 5. cxd4 e5 6. Nf3 Bg4 7. Be2 e4 8.
Ne5 Bxe2 9. Qxe2 Qxd4 10. Qb5+ Nd7 11. Bf4 a6 12. Qxb7 Qb4+ 13. Qxb4 Bxb4+ 14.
Ke2 Bd6 15. Nxd7 Bxf4 16. Nb6 Rb8 17. Nc4 Nf6 18. Nc3 O-O 19. g3 Rfc8 1/2-1/2

[Event "Kieler Open 2014-A"]
[Site "Kiel"]
[Date "2014.08.03"]
[Round "3.15"]
[White "Rulofs, Henrik"]
[Black "Rabe, Klaus"]
[Result "1-0"]
[WhiteElo "1776"]
[BlackElo "2054"]
[PlyCount "57"]
[EventDate "2014.??.??"]
[WhiteTeam "Turm Kiel"]
[BlackTeam "Kieler SG"]

1. e4 c5 2. Nf3 Nc6 3. d3 g6 4. g3 Bg7 5. Bg2 e6 6. O-O Nge7 7. Nbd2 O-O 8. Re1
d6 9. c3 Rb8 10. Nf1 b5 11. Be3 b4 12. Qd2 bxc3 13. bxc3 Qa5 14. Rac1 Ba6 15.
Bh6 Rb6 16. h4 Rfb8 17. Bxg7 Kxg7 18. N1h2 Rb2 19. Qe3 h5 20. g4 Rh8 21. e5 d5
22. Qf4 Ng8 23. Ng5 Qc7 24. c4 Nd4 25. cxd5 Ne2+ 26. Rxe2 Rxe2 27. dxe6 Rxe5
28. Nf1 Bxd3 29. Nxf7 1-0

[Event "Kieler Open 2014-A"]
[Site "Kiel"]
[Date "2014.08.03"]
[Round "3.16"]
[White "Nonnenmacher, Thomas"]
[Black "Scepanik, Hans-Jürgen"]
[Result "1-0"]
[WhiteElo "2174"]
[BlackElo "1958"]
[PlyCount "104"]
[EventDate "2014.??.??"]
[WhiteTeam "Pinneberg"]
[BlackTeam "Kieler SG"]

1. c4 Nf6 2. g3 d5 3. cxd5 Nxd5 4. Bg2 c5 5. Nc3 Nxc3 6. bxc3 Qc7 7. d3 Nc6 8.
Nf3 e5 9. O-O Be7 10. Qc2 Bg4 11. h3 Bh5 12. Rb1 Rc8 13. e4 O-O 14. g4 Bg6 15.
Nd2 b6 16. Nc4 f6 17. Ne3 Rfd8 18. Qe2 Bf7 19. Nd5 Qb7 20. Be3 Qa6 21. Rfe1 Rd7
22. h4 Rf8 23. Rbd1 Bd8 24. g5 fxg5 25. Bxg5 Be6 26. Rd2 Rdf7 27. Rf1 Qc8 28.
Qe3 Qd7 29. Qg3 Kh8 30. Be3 Bg4 31. f4 exf4 32. Rxf4 Rxf4 33. Bxf4 Be6 34. Rf2
Rf7 35. h5 h6 36. Bf3 Ne7 37. c4 Ng8 38. Rg2 Qe8 39. Be2 Qd7 40. Ne3 Bh3 41.
Rf2 Be6 42. Nd5 b5 43. Be3 bxc4 44. dxc4 Bxd5 45. exd5 Bb6 46. Bd3 Rf6 47. Rxf6
Nxf6 48. Qf3 Qg4+ 49. Qxg4 Nxg4 50. Bf4 Kg8 51. Bg6 Bd8 52. Kg2 Bf6 1-0

[Event "Kieler Open 2014-A"]
[Site "Kiel"]
[Date "2014.08.03"]
[Round "3.17"]
[White "Simon, Christopher"]
[Black "Horn, Sven"]
[Result "1/2-1/2"]
[WhiteElo "1960"]
[BlackElo "2158"]
[PlyCount "41"]
[EventDate "2014.??.??"]
[WhiteTeam "Bad Schwartau"]
[BlackTeam "Oberschöneweide"]

1. e4 c5 2. Nf3 d6 3. d4 cxd4 4. Nxd4 Nf6 5. Nc3 a6 6. Bg5 e6 7. f4 Be7 8. Qd2
O-O 9. Be2 b5 10. a3 Bb7 11. Bf3 Qc7 12. O-O Nbd7 13. Rae1 Nb6 14. Qf2 Nc4 15.
Nd1 Rfd8 16. c3 Ne8 17. Bxe7 Qxe7 18. g4 Qf6 19. Bg2 e5 20. Nf5 Rd7 21. g5
1/2-1/2

[Event "Kieler Open 2014-A"]
[Site "Kiel"]
[Date "2014.08.03"]
[Round "3.18"]
[White "Rozycki, Bartlomiej"]
[Black "Andersen, Niels Erik"]
[Result "1-0"]
[WhiteElo "2128"]
[BlackElo "1947"]
[PlyCount "63"]
[EventDate "2014.??.??"]
[WhiteTeam "KS Laura Chylice"]

1. d4 Nf6 2. c4 g6 3. f3 Bg7 4. e4 d6 5. Nc3 O-O 6. Nge2 c5 7. Be3 cxd4 8. Nxd4
Nc6 9. Qd2 Nxd4 10. Bxd4 Be6 11. Be2 Qc8 12. b3 a6 13. Rc1 Qd7 14. O-O Nh5 15.
Be3 Rac8 16. a4 Nf6 17. a5 Qe8 18. f4 Bg4 19. Bd3 Bd7 20. Bd4 Bc6 21. b4 e5 22.
fxe5 dxe5 23. Bc5 Rd8 24. Qe2 Nd7 25. Bxf8 Qxf8 26. c5 Qe7 27. Nd5 Qg5 28. Bc4
Nf8 29. Qf3 Rd7 30. Nb6 Rd2 31. Qxf7+ Kh8 32. Qg8# 1-0

[Event "Kieler Open 2014-A"]
[Site "Kiel"]
[Date "2014.08.03"]
[Round "3.19"]
[White "Boyens, Birger"]
[Black "Haffner, Alexander"]
[Result "1-0"]
[WhiteElo "1925"]
[BlackElo "2126"]
[PlyCount "89"]
[EventDate "2014.??.??"]
[WhiteTeam "Husum"]
[BlackTeam "Doppelbauer Kiel"]

1. e4 g6 2. d4 Bg7 3. Nc3 d6 4. f4 c6 5. Nf3 Bg4 6. Be2 Nd7 7. e5 d5 8. Ng5
Bxe2 9. Qxe2 e6 10. f5 gxf5 11. Qh5 Qe7 12. g4 h6 13. Nf3 fxg4 14. Qxg4 Bf8 15.
Qh5 Bg7 16. Rg1 Qf8 17. Bd2 Ne7 18. Nh4 O-O-O 19. O-O-O Rg8 20. Na4 Qe8 21. Qe2
Ng6 22. Nxg6 fxg6 23. Ba5 Bf8 24. c4 Kb8 25. Bxd8 Qxd8 26. c5 h5 27. Qd3 Bh6+
28. Kb1 Qe8 29. Ka1 Bf4 30. Rg2 g5 31. Rf1 h4 32. Nc3 b6 33. b4 Rf8 34. b5 bxc5
35. bxc6 Nb6 36. c7+ Kxc7 37. Qa6 Qb8 38. dxc5 Nc4 39. Rb1 Bxe5 40. Rc2 Qxb1+
41. Kxb1 Rb8+ 42. Kc1 Bf4+ 43. Kd1 Ne3+ 44. Kd2 Nf5+ 45. Kd3 1-0

[Event "Kieler Open 2014-A"]
[Site "Kiel"]
[Date "2014.08.03"]
[Round "3.20"]
[White "Hartwig, Sebastian"]
[Black "Buchholz, Sebastian"]
[Result "0-1"]
[WhiteElo "1891"]
[BlackElo "2120"]
[PlyCount "66"]
[EventDate "2014.??.??"]
[WhiteTeam "Neustadt"]
[BlackTeam "Doppelbauer Kiel"]

1. e4 c5 2. Nf3 d6 3. d4 cxd4 4. Nxd4 Nf6 5. Nc3 a6 6. Be3 e5 7. Nf3 Be7 8. Bc4
O-O 9. h3 Qc7 10. Bb3 Nc6 11. O-O Na5 12. Qd3 Nxb3 13. axb3 Bd7 14. Nd2 Bc6 15.
Nc4 b5 16. Nb6 Rab8 17. Rxa6 Bd8 18. Ncd5 Nxd5 19. Nxd5 Bxd5 20. exd5 f5 21.
Rc6 Qd7 22. Ra1 f4 23. Ra7 Qe8 24. Bd2 Bb6 25. Ra6 e4 26. Qc3 b4 27. Qc4 Bxf2+
28. Kxf2 e3+ 29. Kf1 exd2 30. Qe2 Qe3 31. Rxd6 f3 32. Qxe3 d1=Q+ 33. Kf2 Qxc2+
0-1

[Event "Kieler Open 2014-A"]
[Site "Kiel"]
[Date "2014.08.03"]
[Round "3.21"]
[White "Saglam, Bülent"]
[Black "Beeck, Mats"]
[Result "0-1"]
[WhiteElo "2097"]
[BlackElo "1897"]
[PlyCount "79"]
[EventDate "2014.??.??"]
[WhiteTeam "Doppelbauer Kiel"]
[BlackTeam "Doppelbauer Kiel"]

1. d4 Nf6 2. c4 e6 3. Nf3 d5 4. cxd5 exd5 5. Nc3 c6 6. Bg5 Be7 7. Qc2 O-O 8. e3
Nbd7 9. Bd3 Re8 10. O-O h6 11. Bf4 Nf8 12. h3 Bd6 13. Ne5 a6 14. f3 c5 15. Qf2
Ne6 16. Bh2 cxd4 17. exd4 Qb6 18. Rad1 Nxd4 19. Ng4 Bc5 20. Nxf6+ Qxf6 21. Kh1
Qc6 22. Bb1 Ne2 23. Qe1 Nxc3 24. Qxc3 d4 25. Qc2 g6 26. Rc1 Bf8 27. Qxc6 bxc6
28. Rxc6 Bd7 29. Rc7 Bb5 30. Rd1 Rad8 31. Bd3 Bxd3 32. Rxd3 Re1+ 33. Bg1 Bd6
34. Rc2 Bf4 35. g3 Be3 36. Rg2 Rc8 37. Kh2 Rcc1 38. Rxe3 dxe3 39. g4 e2 40. Bf2
0-1

[Event "Kieler Open 2014-A"]
[Site "Kiel"]
[Date "2014.08.03"]
[Round "3.22"]
[White "Friebe, Martin"]
[Black "Werner, René"]
[Result "1-0"]
[WhiteElo "2066"]
[BlackElo "1890"]
[PlyCount "49"]
[EventDate "2014.??.??"]
[WhiteTeam "Kieler SG"]
[BlackTeam "Kieler SG"]

1. e4 c5 2. Nc3 d6 3. f4 Nf6 4. Bc4 e6 5. Nf3 a6 6. e5 dxe5 7. fxe5 Nd5 8. d3
Nxc3 9. bxc3 Be7 10. a4 Nc6 11. d4 Na5 12. Bd3 b6 13. O-O O-O 14. Qe2 Bb7 15.
Be3 Qc7 16. Nd2 Rfd8 17. Bxh7+ Kxh7 18. Qh5+ Kg8 19. Rxf7 Rf8 20. Rxg7+ Kxg7
21. Bh6+ Kh7 22. Bxf8+ Kg8 23. Qg6+ Kxf8 24. Rf1+ Bf6 25. Rxf6+ 1-0

[Event "Kieler Open 2014-A"]
[Site "Kiel"]
[Date "2014.08.03"]
[Round "3.23"]
[White "Dreessen, Jakob"]
[Black "Neumann, Frank"]
[Result "0-1"]
[WhiteElo "1869"]
[BlackElo "2028"]
[PlyCount "86"]
[EventDate "2014.??.??"]
[WhiteTeam "Segeberg"]
[BlackTeam "Agon Neumünster"]

1. e4 g6 2. d4 Bg7 3. Nc3 d6 4. Be3 Nf6 5. Be2 O-O 6. g4 e5 7. g5 Nfd7 8. f4
exd4 9. Bxd4 Bxd4 10. Qxd4 Nc6 11. Qd2 Nb6 12. O-O-O Be6 13. Nd5 Bxd5 14. exd5
Ne7 15. Bf3 Nf5 16. Nh3 f6 17. Rde1 fxg5 18. fxg5 Nc4 19. Qc3 Ne5 20. Be4 Ng7
21. Rhf1 Qe7 22. Qg3 Nh5 23. Qh4 Rxf1 24. Rxf1 Rf8 25. Rxf8+ Qxf8 26. Nf2 Kg7
27. b3 Qe7 28. Nd3 Nf7 29. Bg2 Qxg5+ 30. Qxg5 Nxg5 31. h4 Nf7 32. Bh3 Ne5 33.
Nxe5 dxe5 34. Kd2 Kf6 35. c4 e4 36. Bg4 Ng3 37. Ke3 Ke5 38. Be6 Nf5+ 39. Kf2
Nxh4 40. b4 b6 41. c5 bxc5 42. bxc5 Nf5 43. Bg8 Ne7 0-1

[Event "Kieler Open 2014-A"]
[Site "Kiel"]
[Date "2014.08.03"]
[Round "3.24"]
[White "Berger, Joachim"]
[Black "Möller, Dustin"]
[Result "1/2-1/2"]
[WhiteElo "2025"]
[BlackElo "1819"]
[PlyCount "61"]
[EventDate "2014.??.??"]
[WhiteTeam "Lübeck"]
[BlackTeam "Eckernförde"]

1. e4 e5 2. Nf3 Nc6 3. d4 exd4 4. Nxd4 Nf6 5. Nc3 Bb4 6. Nxc6 bxc6 7. Bd3 d5 8.
exd5 O-O 9. O-O cxd5 10. Bg5 c6 11. Qf3 Bd6 12. Rae1 Rb8 13. Nd1 Be6 14. b3 h6
15. Bxf6 Qxf6 16. Qxf6 gxf6 17. Ne3 Bb4 18. Re2 Rfe8 19. Rd1 f5 20. g3 f4 21.
gxf4 d4 22. f5 dxe3 23. fxe6 exf2+ 24. Rxf2 Rxe6 25. Rg2+ Kf8 26. Bc4 Re1+ 27.
Rxe1 Bxe1 28. Kf1 Bh4 29. Rg4 Bg5 30. h4 Bf6 31. Rf4 1/2-1/2

[Event "Kieler Open 2014-A"]
[Site "Kiel"]
[Date "2014.08.03"]
[Round "3.25"]
[White "Weishäutel, Moritz"]
[Black "Kröncke, Manfred"]
[Result "1/2-1/2"]
[WhiteElo "1849"]
[BlackElo "2024"]
[PlyCount "44"]
[EventDate "2014.??.??"]
[WhiteTeam "Erfurt"]
[BlackTeam "Glückstadt "]

1. e4 c5 2. Nf3 e6 3. d4 cxd4 4. Nxd4 Nc6 5. Nc3 Qc7 6. f4 a6 7. Nxc6 bxc6 8.
Bd3 Bc5 9. e5 f5 10. g4 Qd8 11. h4 Nh6 12. gxf5 Nxf5 13. Bxf5 exf5 14. Qd3 d5
15. exd6 Qxd6 16. Qxd6 Bxd6 17. Be3 Kf7 18. O-O-O Bc7 19. Na4 Re8 20. Nb6 Bxb6
21. Bxb6 Be6 22. Bd4 Bd5 1/2-1/2

[Event "Kieler Open 2014-A"]
[Site "Kiel"]
[Date "2014.08.03"]
[Round "3.26"]
[White "Diederichs, Luise"]
[Black "Garcia Ruiz, Adrian"]
[Result "1-0"]
[WhiteElo "1968"]
[BlackElo "1794"]
[PlyCount "53"]
[EventDate "2014.??.??"]
[WhiteTeam "Hermannsburg"]

1. c4 e5 2. g3 Nf6 3. Bg2 d5 4. cxd5 Nxd5 5. Nc3 Nb6 6. Nf3 Nc6 7. O-O Be7 8.
d3 O-O 9. Be3 Be6 10. Ne4 f6 11. Nc5 Bxc5 12. Bxc5 Re8 13. Qc2 Bd5 14. Rfd1 Nd4
15. Nxd4 Bxg2 16. Nb3 Bd5 17. e4 Be6 18. d4 Bg4 19. Rd2 exd4 20. Nxd4 Qc8 21.
f3 Bh5 22. Nf5 Nd7 23. Ne7+ Rxe7 24. Bxe7 Qe8 25. Rad1 Qxe7 26. Rxd7 Qe6 27.
Qxc7 1-0

[Event "Kieler Open 2014-A"]
[Site "Kiel"]
[Date "2014.08.03"]
[Round "3.27"]
[White "Skogvall, Martina"]
[Black "Gutschenreiter, Dorian"]
[Result "1-0"]
[WhiteElo "2060"]
[BlackElo "1874"]
[PlyCount "69"]
[EventDate "2014.??.??"]
[WhiteTeam "SF Berlin"]
[BlackTeam "Flensburg"]

1. e4 c5 2. Nc3 e6 3. f4 Ne7 4. Nf3 g6 5. g3 Bg7 6. Bg2 Nbc6 7. d3 O-O 8. O-O
Nd4 9. Nxd4 cxd4 10. Ne2 d5 11. g4 dxe4 12. dxe4 Qb6 13. Kh1 Rd8 14. Ng3 Bd7
15. f5 exf5 16. gxf5 Bb5 17. Rf3 Rac8 18. Bg5 f6 19. Bd2 Qc5 20. Qe1 Nc6 21.
Bh3 Ne5 22. Rf2 Rc7 23. fxg6 hxg6 24. Be6+ Nf7 25. Qg1 Qe7 26. Bf4 Rc5 27. b4
Rc3 28. Nf5 Qxe6 29. Qxg6 Kf8 30. Qxg7+ Ke8 31. Qg2 Kf8 32. Bd2 Rc7 33. Re1 Ne5
34. Bh6+ Kf7 35. Qg7+ 1-0

[Event "Kieler Open 2014-A"]
[Site "Kiel"]
[Date "2014.08.03"]
[Round "3.28"]
[White "Bienert, Marco"]
[Black "Müller, Winus"]
[Result "1-0"]
[WhiteElo "1758"]
[BlackElo "2049"]
[PlyCount "115"]
[EventDate "2014.??.??"]

1. e4 e5 2. Nf3 Nc6 3. Bb5 Nd4 4. Nxd4 exd4 5. O-O Qg5 6. Ba4 h5 7. d3 Qg6 8.
Bf4 c6 9. h4 Be7 10. Bg3 Nf6 11. Nd2 O-O 12. Nf3 Bc5 13. Qd2 d6 14. Qg5 Qxg5
15. Nxg5 Nh7 16. Nf3 Bg4 17. Nh2 Bd7 18. Bb3 g6 19. f4 a5 20. a4 Be6 21. Nf3
Bb6 22. Nd2 Rad8 23. f5 gxf5 24. exf5 Bxb3 25. Nxb3 Nf6 26. Rae1 Rd7 27. Re2
Nd5 28. f6 Ne3 29. Rf3 c5 30. Bf4 Ng4 31. Bg5 Bd8 32. Rf5 b6 33. Re4 Kh7 34.
Nd2 Kg6 35. Rf3 d5 36. Re2 Rd6 37. Nf1 Bxf6 38. Bxf6 Rxf6 39. Re7 Rd8 40. Ng3
Rxf3 41. gxf3 Nf6 42. Re5 Rd6 43. Rg5+ Kh7 44. Nf5 Rd7 45. Rg7+ Kh8 46. Kf2 Ne8
47. Rg5 f6 48. Rxh5+ Kg8 49. Rh6 b5 50. Rg6+ Kf8 51. axb5 a4 52. h5 Rb7 53. h6
Rh7 54. Rg1 Kf7 55. Kg3 Ke6 56. Kf4 Kd7 57. Rg8 Rf7 58. b6 1-0

[Event "Kieler Open 2014-A"]
[Site "Kiel"]
[Date "2014.08.03"]
[Round "3.29"]
[White "Guetschow, Martin"]
[Black "Rohmann, Volker"]
[Result "1/2-1/2"]
[WhiteElo "1991"]
[BlackElo "1850"]
[PlyCount "43"]
[EventDate "2014.??.??"]
[WhiteTeam "Segeberg"]
[BlackTeam "Friedrichsort"]

1. e4 e5 2. Nf3 Nc6 3. Bc4 Bc5 4. b4 Bxb4 5. c3 Be7 6. d4 Na5 7. Nxe5 Nxc4 8.
Nxc4 d5 9. exd5 Qxd5 10. Ne3 Qd8 11. O-O Nf6 12. Ba3 O-O 13. c4 c6 14. f3 Re8
15. Re1 Bxa3 16. Nxa3 Qa5 17. Nac2 Bf5 18. Kf2 Bxc2 19. Qxc2 Qc7 20. g3 Rad8
21. Rad1 h6 22. Qb2 1/2-1/2

[Event "Kieler Open 2014-A"]
[Site "Kiel"]
[Date "2014.08.03"]
[Round "3.30"]
[White "Kowalski, Ben Wito"]
[Black "Schmidt, Peter"]
[Result "0-1"]
[WhiteElo "1706"]
[BlackElo "1924"]
[PlyCount "52"]
[EventDate "2014.??.??"]
[WhiteTeam "Stade"]
[BlackTeam "Kieler SG"]

1. e4 e5 2. Nf3 Nc6 3. d4 exd4 4. Bc4 Nf6 5. Bg5 h6 6. Bh4 g5 7. Bg3 Bc5 8. c3
Nxe4 9. Ne5 Nxg3 10. Bxf7+ Kf8 11. Ng6+ Kxf7 12. Nxh8+ Qxh8 13. fxg3 Qe5+ 14.
Qe2 d6 15. O-O+ Kg6 16. Qxe5 Nxe5 17. Kh1 Bf5 18. cxd4 Bxd4 19. Nc3 Bd3 20.
Rfe1 Bxc3 21. bxc3 Rf8 22. h3 Rf2 23. Rad1 Bb5 24. a3 Bc6 25. Rg1 Ra2 26. Ra1
Bxg2+ 0-1

[Event "Kieler Open 2014-A"]
[Site "Kiel"]
[Date "2014.08.03"]
[Round "3.31"]
[White "Neuendorf, Max"]
[Black "Malchau, Jochen"]
[Result "1-0"]
[WhiteElo "1885"]
[BlackElo "1664"]
[PlyCount "53"]
[EventDate "2014.??.??"]
[WhiteTeam "Flensburg"]
[BlackTeam "Greifswald"]

1. e4 c6 2. d4 d5 3. Nd2 dxe4 4. Nxe4 Bf5 5. Ng3 Bg6 6. h4 h6 7. Nf3 Nd7 8. h5
Bh7 9. Bd3 Bxd3 10. Qxd3 e6 11. Bd2 Ngf6 12. O-O-O Be7 13. Ne4 Nxe4 14. Qxe4
Nf6 15. Qd3 Qd5 16. c4 Qd8 17. Bc3 c5 18. d5 exd5 19. Bxf6 Bxf6 20. Rhe1+ Kf8
21. cxd5 Qb6 22. Re2 Re8 23. d6 Rxe2 24. Qxe2 g6 25. hxg6 fxg6 26. Ne5 Kg7 27.
Qe4 1-0

[Event "Kieler Open 2014-A"]
[Site "Kiel"]
[Date "2014.08.03"]
[Round "3.32"]
[White "Rosenkranz, Bernd-Christian"]
[Black "Blanco-Cardenas, Ernesto"]
[Result "0-1"]
[WhiteElo "1656"]
[BlackElo "1875"]
[PlyCount "38"]
[EventDate "2014.??.??"]
[WhiteTeam "Rendsburg"]
[BlackTeam "Kieler SG"]

1. e4 c6 2. d4 d5 3. Bd3 dxe4 4. Bxe4 Nf6 5. Bf3 Bf5 6. Ne2 e6 7. O-O Nbd7 8.
c4 Be7 9. Nbc3 O-O 10. Ng3 Bg6 11. Nce4 Qc7 12. Qe2 c5 13. Nxc5 Nxc5 14. dxc5
Bxc5 15. b3 Rad8 16. Ne4 Nxe4 17. Bxe4 Qe5 18. Bf3 Qxa1 19. Be3 Qe5 0-1

[Event "Kieler Open 2014-A"]
[Site "Kiel"]
[Date "2014.08.03"]
[Round "3.33"]
[White "Karlisch, Moritz"]
[Black "Quiring, Nikolai"]
[Result "0-1"]
[WhiteElo "1602"]
[BlackElo "2078"]
[PlyCount "44"]
[EventDate "2014.??.??"]
[WhiteTeam "Doppelbauer Kiel"]
[BlackTeam "Rendsburg"]

1. e4 e6 2. d4 d5 3. Nc3 Nf6 4. Bg5 Bb4 5. e5 h6 6. Bh4 g5 7. exf6 gxh4 8. Qf3
Nd7 9. Bd3 c5 10. a3 Qa5 11. axb4 Qxa1+ 12. Kd2 c4 13. Nb5 cxd3 14. Nc7+ Kd8
15. Nxa8 Qxb2 16. Qxd3 Qxb4+ 17. c3 Qb2+ 18. Ke3 Qc1+ 19. Ke2 Nxf6 20. f3 Rg8
21. Kf2 Bd7 22. g3 a6 0-1

[Event "Kieler Open 2014-A"]
[Site "Kiel"]
[Date "2014.08.03"]
[Round "3.34"]
[White "Nahnsen, Kenneth"]
[Black "Gwiazda, Slawomir"]
[Result "1/2-1/2"]
[WhiteElo "1794"]
[BlackElo "1969"]
[PlyCount "47"]
[EventDate "2014.??.??"]
[WhiteTeam "Doppelbauer Kiel"]

1. e4 e6 2. d4 d5 3. Bd3 Nf6 4. e5 Nfd7 5. Nf3 c5 6. c3 Nc6 7. O-O cxd4 8. cxd4
Qb6 9. Bc2 f6 10. exf6 Nxf6 11. Re1 Bd7 12. Nc3 O-O-O 13. a3 a6 14. b4 Bd6 15.
Na4 Qc7 16. Nc5 Rde8 17. Nxd7 Nxd7 18. Bd3 Re7 19. Bb2 Nb6 20. Qb3 Kb8 21. Re2
e5 22. dxe5 Nxe5 23. Bxe5 Bxe5 24. Rae1 1/2-1/2

[Event "Kieler Open 2014-A"]
[Site "Kiel"]
[Date "2014.08.03"]
[Round "3.35"]
[White "Meyer, Jürgen"]
[Black "Helmich, Jörg"]
[Result "1-0"]
[WhiteElo "1955"]
[BlackElo "1749"]
[PlyCount "61"]
[EventDate "2014.??.??"]
[WhiteTeam "Heide"]
[BlackTeam "Regensburg"]

1. e4 c5 2. Nf3 d6 3. d4 cxd4 4. Qxd4 Nc6 5. Bb5 Bd7 6. Bxc6 Bxc6 7. Nc3 e5 8.
Qd3 Nf6 9. Bg5 Be7 10. O-O-O Qc7 11. Bxf6 gxf6 12. Nh4 O-O-O 13. Nd5 Bxd5 14.
Qxd5 Bf8 15. Rd3 Kb8 16. Nf5 Rd7 17. Rhd1 a6 18. Kb1 Ka7 19. c4 b6 20. b4 Rg8
21. g3 Rg5 22. Ka1 Rxf5 23. exf5 Qb7 24. c5 Qxd5 25. Rxd5 bxc5 26. bxc5 Rc7 27.
cxd6 Rd7 28. Rc1 Rxd6 29. Rxd6 Bxd6 30. Rc6 Bb4 31. Rxf6 1-0

[Event "Kieler Open 2014-A"]
[Site "Kiel"]
[Date "2014.08.03"]
[Round "3.36"]
[White "Millgramm, Stephan"]
[Black "Kiep, Fabian"]
[Result "1/2-1/2"]
[WhiteElo "1865"]
[BlackElo "1708"]
[PlyCount "79"]
[EventDate "2014.??.??"]
[WhiteTeam "Flensburg"]
[BlackTeam "Agon Neumünster"]

1. f4 d5 2. Nf3 Nf6 3. e3 c5 4. d4 e6 5. c3 Bd6 6. Bd3 O-O 7. Ne5 Ne4 8. Bxe4
dxe4 9. O-O f5 10. g3 Nd7 11. Nxd7 Qxd7 12. Qb3 cxd4 13. cxd4 b6 14. Bd2 Ba6
15. Rc1 Rfc8 16. Rxc8+ Rxc8 17. Nc3 Bc4 18. Qd1 g6 19. b3 Bd3 20. Qc1 Qe7 21.
a4 Bb4 22. Qb2 Qd7 23. Rc1 h6 24. Nxe4 Bxe4 25. Bxb4 Rxc1+ 26. Qxc1 Qc6 27.
Qxc6 Bxc6 28. Bd6 a6 29. Bc7 b5 30. a5 Bd5 31. b4 h5 32. Kf2 Kf7 33. h3 Be4 34.
Bd8 Bd5 35. Ke2 Ke8 36. Bf6 Be4 37. Kd2 Kd7 38. Kc3 Kc6 39. Be5 Bg2 40. h4
1/2-1/2